Pokémon - Les attaques de Dynavolt - Statistiques

Statistiques générales
  • Ce quiz a été pris 24 fois
  • Le résultat moyen est 10 sur 13
Statistiques - réponses
Niveaux Types Noms des coups % Correct
Départ Normal Charge
100%
Niveau 44 Électrique Fatal-Foudre
100%
Départ Électrique Cage Éclair
94%
Niveau 20 Ténèbres Morsure
94%
Niveau 12 Normal Vive-Attaque
88%
Niveau 36 Électrique Chargeur
82%
Niveau 32 Électrique Coup d'Jus
71%
Niveau 24 Électrique Crocs Éclair
71%
Niveau 4 Normal Groz'Yeux
71%
Niveau 40 Électrique Éclair Fou
53%
Niveau 16 Électrique Onde de Choc
53%
Niveau 8 Normal Grondement
47%
Niveau 28 Normal Hurlement
47%
Aucun quiz correspondant
Distribution des résultats
% des personnes avec chaque résultat
Percentile par nombre de réponses
Votre historique - résultats
Vous n’avez pas pris ce quiz